5HLuxD.jpg

KING HENRY VIII SENIOR AND PRIMARY SCHOOL LIBRARY OPAC

The glass menagerie / (Record no. 2861)

000 -LEADER
fixed length control field 00879nam a2200289 a 4500
001 - CONTROL NUMBER
control field 016955285
003 - CONTROL NUMBER IDENTIFIER
control field UkOxU
005 - DATE AND TIME OF LATEST TRANSACTION
control field 20230824215850.0
008 - FIXED-LENGTH DATA ELEMENTS--GENERAL INFORMATION
fixed length control field 081103s2009 enk 000 d eng d
015 ## - NATIONAL BIBLIOGRAPHY NUMBER
National bibliography number GBA8D3559
Source bnb
020 ## - INTERNATIONAL STANDARD BOOK NUMBER
International Standard Book Number 9780141190266 (pbk.) :
Terms of availability £8.99
020 ## - INTERNATIONAL STANDARD BOOK NUMBER
International Standard Book Number 0141190264 (pbk.) :
Terms of availability £8.99
035 ## - SYSTEM CONTROL NUMBER
System control number (Uk)014836346
035 ## - SYSTEM CONTROL NUMBER
System control number (UkOxU)UkOxUw14429648
040 ## - CATALOGING SOURCE
Original cataloging agency StDuBDS
Language of cataloging eng
Transcribing agency StDuBDS
Modifying agency KH8
082 04 - DEWEY DECIMAL CLASSIFICATION NUMBER
Classification number 812.54 WIL
Edition number 22
100 1# - MAIN ENTRY--PERSONAL NAME
Personal name Williams, Tennessee,
Dates associated with a name 1911-1983,
Relator term author.
245 14 - TITLE STATEMENT
Title The glass menagerie /
Statement of responsibility, etc. Tennessee Williams.
260 ## - PUBLICATION, DISTRIBUTION, ETC.
Place of publication, distribution, etc. London :
Name of publisher, distributor, etc. Penguin,
Date of publication, distribution, etc. 2009.
300 ## - PHYSICAL DESCRIPTION
Extent xii, 92p. ;
Dimensions 20 cm.
490 1# - SERIES STATEMENT
Series statement Penguin modern classics
650 #0 - SUBJECT ADDED ENTRY--TOPICAL TERM
Topical term or geographic name entry element Families
Form subdivision Drama.
651 #0 - SUBJECT ADDED ENTRY--GEOGRAPHIC NAME
Geographic name Saint Louis (Mo.)
General subdivision Social conditions
Form subdivision Drama.
700 ## - ADDED ENTRY--PERSONAL NAME
Personal name Williams, Tennessee,
Relator term author.
830 #0 - SERIES ADDED ENTRY--UNIFORM TITLE
Uniform title Penguin modern classics.
942 ## - ADDED ENTRY ELEMENTS (KOHA)
Source of classification or shelving scheme
Koha item type Teaching Resources
Holdings
Withdrawn status Lost status Source of classification or shelving scheme Damaged status Not for loan Collection code Permanent Location Current Location Shelving location Date acquired Full call number Barcode Date last seen Price effective from Koha item type
          Teaching Resources KH8 Senior School Library KH8 Senior School Library Staff Office 2023-08-24 812.54 WIL TRKHSL002402 2023-08-24 2023-08-24 Teaching Resources
          Teaching Resources KH8 Senior School Library KH8 Senior School Library Staff Office 2023-11-07 812.54 WIL TRKHSL004980 2023-11-07 2023-11-07 Teaching Resources

Powered By KH8 IT Dept